000 00619nam a2200241Ia 4500
003 OSt
005 20221007063632.0
006 a|||||r|||| 00| 0
007 ta
008 221006b |||||||| |||| 00| 0 eng d
024 _a4,008
037 _cTextual
040 _aFLL
_cFLL
_beng
041 _2eng
_aeng
082 _aZ2;981, L8
100 _aMogha P.C.
_9345932
245 0 _aIndian conveyancer
250 _a8th
260 _aCalcutta
_bEastern law house India
_c1978
650 _aIndian conveyancer
_9684580
942 _hZ2;981, L8
_cTEXL
_2CC
999 _c1131725
_d1131725